APPLIED ENGLISH GRAMMAR AND COMPOSITION (Record no. 215471)

MARC details
000 -LEADER
fixed length control field 00329nam a2200133Ia 4500
008 - FIXED-LENGTH DATA ELEMENTS--GENERAL INFORMATION
fixed length control field 230704s9999 xx 000 0 und d
020 ## - INTERNATIONAL STANDARD BOOK NUMBER
International Standard Book Number 9789374734629
100 ## - MAIN ENTRY--PERSONAL NAME
Personal name ANUJEET
245 #0 - TITLE STATEMENT
Title APPLIED ENGLISH GRAMMAR AND COMPOSITION
260 ## - PUBLICATION, DISTRIBUTION, ETC.
Name of publisher, distributor, etc. AITBS PUBLISHERS, INDIA
Date of publication, distribution, etc. 2021
300 ## - PHYSICAL DESCRIPTION
Extent 346
650 ## - SUBJECT ADDED ENTRY--TOPICAL TERM
Topical term or geographic name entry element English
942 ## - ADDED ENTRY ELEMENTS (KOHA)
Koha item type Book
Holdings
Withdrawn status Lost status Source of classification or shelving scheme Damaged status Not for loan Home library Current library Shelving location Date acquired Total Checkouts Barcode Date last seen Price effective from Koha item type Public note Date last checked out
    Dewey Decimal Classification     Mewar University Central Library Mewar University Central Library Humanities 15/05/2023   H2791 10/07/2023 10/07/2023 Book Humanities and Fine Arts R-12 S-2  
    Dewey Decimal Classification     Mewar University Central Library Mewar University Central Library Humanities 15/05/2023 2 H2792 04/04/2026 10/07/2023 Book Humanities and Fine Arts R-12 S-2 27/11/2025
    Dewey Decimal Classification     Mewar University Central Library Mewar University Central Library Humanities 15/05/2023 1 H2793 30/03/2026 10/07/2023 Book Humanities and Fine Arts R-12 S-2 12/02/2026
    Dewey Decimal Classification     Mewar University Central Library Mewar University Central Library Humanities 15/05/2023 1 H2794 07/02/2025 10/07/2023 Book Humanities and Fine Arts R-12 S-2 22/01/2025
    Dewey Decimal Classification     Mewar University Central Library Mewar University Central Library Humanities 15/05/2023 2 H2795 31/12/2024 10/07/2023 Book Humanities and Fine Arts R-12 S-2 05/12/2024